000 00960nam a2200289Ia 4500
003 OSt
005 20220930093037.0
006 a|||||r|||| 00| 0
007 ta
008 220926b |||||||| |||| 00| 0 eng d
024 _a28610
037 _cTheses
040 _aCRL
_cCRL
_beng
041 _2eng
_aeng
100 _aTirkey Shanta Rani Au.
_9550482
110 _aUniversity of Delhi. Faculty of Commerce and Business Studies. Department of Commerce
245 0 _aNon-tariff barriers
_b the administered protectionism of developed countries and its effects on India's export
260 _c2014
300 _a141p.
_ap.
_ccm.
650 _a INDIA
650 _a PROTECTIONISM
_9476871
650 _aCOMMERCE
700 _a Bhasin Niti Gu.
_9550483
700 _aUniversity of Delhi. Faculty of Commerce and Business Studies. Department of Commerce
942 _cDIS
_2CC
999 _c884707
_d884707